[Event "FRA-ch U18 Girls"]
[Site "Le Grand Bornand"]
[Date "2003.??.??"]
[Round "2.3"]
[White "Parizot, Elise"]
[Black "Harnois, Clementine"]
[Result "0-1"]
[WhiteElo "1770"]
[BlackElo "2050"]
[PlyCount "76"]
[EventDate "2003.??.??"]
[EventType "swiss"]
[EventRounds "9"]
[EventCountry "FRA"]
[SourceTitle "EXT 2004"]
[Source "ChessBase"]
[SourceDate "2003.11.25"]
[SourceVersion "1"]
[SourceVersionDate "2003.11.25"]
[SourceQuality "1"]

1. e4 d6 2. d4 Nf6 3. Nc3 g6 4. f4 Bg7 5. e5 Nfd7 6. Nf3 c5 7. e6 fxe6 8. Ng5 Nf6 9. dxc5 0-0 10. cxd6 exd6 11. Bc4 Kh8 12. Be3 Nc6 13. Bb3 e5 14. Qf3 Nd4 15. Bxd4 exd4 16. Ne2 Qe7 17. 0-0-0 h6 18. Nh3 Bg4 19. Qf2 Qxe2 20. Rxd4 d5 21. Qxe2 Bxe2 22. Re1 Rfe8 23. c3 Bg4 24. Rxe8+ Rxe8 25. Kc2 Re2+ 26. Rd2 Rxd2+ 27. Kxd2 Be6 28. Nf2 Kg8 29. Nd3 Ne4+ 30. Ke3 Bf8 31. Kd4 Nf6 32. h3 Bf5 33. Nf2 Bd6 34. g3 Be6 35. h4 Kf7 36. a3 Bc7 37. Nd3 Bb6+ 38. Ke5 Ke7 0-1